General relativity (Record no. 12450)
[ view plain ]
| 000 -LEADER | |
|---|---|
| fixed length control field | 00772nam a2200193Ia 4500 |
| 003 - CONTROL NUMBER IDENTIFIER | |
| control field | IN-BaIIA |
| 008 - FIXED-LENGTH DATA ELEMENTS--GENERAL INFORMATION | |
| fixed length control field | 211028s9999 xx 000 0 eng d |
| 020 ## - INTERNATIONAL STANDARD BOOK NUMBER | |
| International Standard Book Number | 0-7503-0419-7 |
| 040 ## - CATALOGING SOURCE | |
| Transcribing agency | IIA Library |
| 080 ## - UNIVERSAL DECIMAL CLASSIFICATION NUMBER | |
| Universal Decimal Classification number | 530.12(082.1) |
| Item number | GEN |
| 111 ## - MAIN ENTRY--MEETING NAME | |
| Meeting name or jurisdiction name as entry element | Scottish Universities Summer School in Physics |
| Number of part/section/meeting | 46th |
| Location of meeting | Scotland |
| Date of meeting or treaty signing | 1995 July |
| 9 (RLIN) | 21795 |
| 245 #0 - TITLE STATEMENT | |
| Title | General relativity |
| Remainder of title | proceedings of the Forty Sixth Scottish Universities Summer School in Physics held in Aberdeen, Scotland, Jul 1995 |
| Statement of responsibility, etc. | edited by G. S. Hall and J. R. Pulham |
| 260 ## - PUBLICATION, DISTRIBUTION, ETC. | |
| Place of publication, distribution, etc. | Bristol |
| Name of publisher, distributor, etc. | Institute of Physics |
| Date of publication, distribution, etc. | 1996 |
| 300 ## - PHYSICAL DESCRIPTION | |
| Extent | x, 422p. |
| 650 ## - SUBJECT ADDED ENTRY--TOPICAL TERM | |
| Topical term or geographic name entry element | General relativity |
| 9 (RLIN) | 3824 |
| 700 ## - ADDED ENTRY--PERSONAL NAME | |
| Personal name | Hall, G. S., ed. |
| 9 (RLIN) | 21796 |
| 700 ## - ADDED ENTRY--PERSONAL NAME | |
| Personal name | Pulham, J. R. ed. |
| 9 (RLIN) | 21797 |
| 942 ## - ADDED ENTRY ELEMENTS (KOHA) | |
| Koha item type | Books |
| Withdrawn status | Lost status | Damaged status | Not for loan | Home library | Current library | Shelving location | Date acquired | Source of acquisition | Total Checkouts | Full call number | Barcode | Date last seen | Price effective from | Koha item type | Purchase Price |
|---|---|---|---|---|---|---|---|---|---|---|---|---|---|---|---|
| IIA Library-Bangalore | IIA Library-Bangalore | General Stacks | 18/03/1998 | WP | 530.12(082.1)/ GEN | 13366 | 05/11/2021 | 18/03/1998 | Books | £ 25.00 |